000 01418cam a22003377a 4500
999 _c331772
_d331772
001 4519369
003 NUST
005 20200105143123.0
007 hduafb---bacp
007 hdubfb---baap
008 981001s1939 pk a a 000 0deng
010 _a 98911423
020 _a9694163269
025 _aNBIL-10017
038 _aArshad
040 _aDLC
_cDLC
042 _alcode
043 _aa-ii---
050 0 0 _aMicrofilm CSL-ENG-011 (P)
082 _a891.43915
_bBEG
100 1 _aBeg, Abdulla Anwar.
_95606
245 1 4 _aThe poet of the East
_bthe life and work of Dr. Sheikh Sir Muhammad Iqbal, the poet-philosopher, with a critical survey of his philosophy, poetical works and teachings /
_cby Abdulla Anwar Beg ; with a foreword by R.A. Nicholson.
260 _aLahore :
_bQaumi Kurub Khana,
_c1939.
300 _axxviii, 425 p. :
_bill. ;
_c20 cm.
533 _aMicrofilm.
_bNew Delhi :
_cLibrary of Congress Office ;
_bChicago :
_cAvailable from Center for Research Libraries,
_d1998.
_eOn 1 microfilm reel with other items ; 35 mm.
_f(SAMP early 20th-century Indian books project ; item 10017)
_nMaster microform held by: ICRL.
600 1 0 _aIqbal, Muhammad,
_cSir,
_d1877-1938
_xCriticism and interpretation.
_96
830 0 _aSAMP early 20th-century Indian books project ;
_vitem 10017.
_95607
906 _a7
_bcbc
_corigode
_d5
_encip
_f19
_gy-genmicro
942 _2ddc
_cBK